[Event "54th Ilmar Raud Memorial"]
[Site "Viljandi"]
[Date "2020.07.07"]
[Round "3.27"]
[White "Tõnso, Liina"]
[Black "Liebert, Robin"]
[Result "1-0"]
[WhiteElo "1862"]
[BlackElo "1409"]
[PlyCount "67"]
[EventDate "2020.??.??"]

1. d4 d5 2. c4 c6 3. Nc3 e5 4. e3 e4 5. Nge2 Be6 6. Nf4 Nf6 7. h4 Bd6 8. cxd5
cxd5 9. g3 O-O 10. Qb3 Bxf4 11. gxf4 Qd7 12. Bd2 Nc6 13. Na4 b6 14. Ba6 Ne8 15.
Rc1 Nd6 16. Bb4 Nxb4 17. Qxb4 Nc4 18. b3 Nd6 19. Kd2 Nf5 20. Nc3 Nh6 21. Nb5
Ng4 22. Rc7 Qd8 23. Ke2 Bc8 24. Bxc8 Rxc8 25. Rhc1 Rxc7 26. Nxc7 Qxh4 27. Qe1
Qh5 28. Kd2 Nh2 29. Kc3 Nf3 30. Qe2 Rc8 31. Kb2 Qf5 32. Nxd5 Re8 33. Qb5 Qe6
34. Nc7 1-0

[Event "54th Ilmar Raud Memorial"]
[Site "Viljandi"]
[Date "2020.07.07"]
[Round "3.29"]
[White "Tolmacevs, Artjoms"]
[Black "Põvvat, Aalo"]
[Result "1-0"]
[WhiteElo "1644"]
[BlackElo "1198"]
[PlyCount "66"]
[EventDate "2020.??.??"]

1. e4 e5 2. Nf3 Nc6 3. Bb5 a6 4. Ba4 Nf6 5. O-O b5 6. Bb3 d6 7. a4 Bg4 8. c3 b4
9. h3 Bxf3 10. Qxf3 Be7 11. Re1 O-O 12. Qd1 Na5 13. cxb4 Nxb3 14. Qxb3 Rb8 15.
Nc3 d5 16. Nxd5 Nxd5 17. exd5 Rxb4 18. Qc2 Bf6 19. b3 Qxd5 20. Ba3 Qxb3 21.
Qxb3 Rxb3 22. Bxf8 Kxf8 23. Rec1 e4 24. Ra2 Be5 25. g3 a5 26. Rc5 Bd6 27. Rxa5
g6 28. Rd5 f5 29. a5 Ke7 30. a6 Rb8 31. a7 Ra8 32. Rb5 c6 33. Rb7+ Ke6 1-0

[Event "54th Ilmar Raud Memorial"]
[Site "Viljandi"]
[Date "2020.07.07"]
[Round "3.30"]
[White "Tolmacevs, Romans"]
[Black "Vingris, Mikelis"]
[Result "0-1"]
[WhiteElo "1132"]
[BlackElo "1641"]
[PlyCount "42"]
[EventDate "2020.??.??"]

1. d4 Nf6 2. Nc3 c5 3. dxc5 e6 4. Bf4 Bxc5 5. f3 Qb6 6. Nh3 Qxb2 7. Bd2 Qb6 8.
Rb1 Qc6 9. e4 O-O 10. Bb5 Qc7 11. Na4 Bd6 12. g3 a6 13. Be2 b5 14. Nb2 Bc5 15.
Nd3 Ba7 16. Bf4 Qa5+ 17. Nb4 d5 18. exd5 e5 19. Bd2 Bxh3 20. g4 Qb6 21. Nd3 Bg2
0-1

[Event "54th Ilmar Raud Memorial"]
[Site "Viljandi"]
[Date "2020.07.08"]
[Round "4.7"]
[White "Pohjala, Henri"]
[Black "Jazdanovs, Aleksandrs"]
[Result "1-0"]
[WhiteElo "2358"]
[BlackElo "2183"]
[PlyCount "81"]
[EventDate "2020.??.??"]

1. d4 Nf6 2. Nf3 e6 3. g3 b6 4. Bg2 Bb7 5. O-O Be7 6. c4 O-O 7. Nc3 Ne4 8. Qc2
Nxc3 9. Qxc3 f5 10. b3 Bf6 11. Bb2 d6 12. Rad1 Nd7 13. Ne1 Qc8 14. Qc2 g6 15.
e4 fxe4 16. Bxe4 e5 17. Nf3 exd4 18. Bxd4 Bxe4 19. Qxe4 Bxd4 20. Nxd4 Qe8 21.
Qb7 Rc8 22. Nb5 Nc5 23. Qd5+ Qf7 24. f4 Qxd5 25. cxd5 a6 26. Nd4 Rfe8 27. Rfe1
Rxe1+ 28. Rxe1 Kf7 29. Ne6 Nxe6 30. Rxe6 c6 31. Rxd6 cxd5 32. a4 Rc1+ 33. Kf2
Rc2+ 34. Kf3 Rc3+ 35. Kg4 Rxb3 36. Kg5 Rb4 37. Rxd5 Rxa4 38. Rd7+ Kf8 39. Rxh7
Rc4 40. Kxg6 a5 41. f5 1-0

[Event "54th Ilmar Raud Memorial"]
[Site "Viljandi"]
[Date "2020.07.08"]
[Round "4.8"]
[White "Haitin, Ilja"]
[Black "Sinitsõna, Anastassia"]
[Result "1-0"]
[WhiteElo "2357"]
[BlackElo "2138"]
[PlyCount "81"]
[EventDate "2020.??.??"]

1. d4 Nf6 2. c4 c5 3. d5 e6 4. Nc3 exd5 5. cxd5 d6 6. Nf3 g6 7. Qa4+ Nbd7 8.
Bf4 a6 9. e4 Rb8 10. Bd3 b5 11. Qc2 Nb6 12. Qe2 Ra8 13. e5 Nfxd5 14. Nxd5 Nxd5
15. exd6+ Be6 16. Be4 Bxd6 17. Bg5 Be7 18. Rd1 Qa5+ 19. Bd2 Qc7 20. Ng5 Rd8 21.
Nxe6 fxe6 22. O-O O-O 23. Bf3 Qb6 24. Rfe1 Rd6 25. Bh6 Rfd8 26. Bg4 Nc7 27. Qe5
Bf8 28. Bxf8 Kxf8 29. Qh8+ Kf7 30. Qxh7+ Kf6 31. Qh4+ Kf7 32. Qh7+ Kf6 33. Rxd6
Qxd6 34. h4 e5 35. h5 gxh5 36. Bxh5 Rd7 37. Qg6+ Ke7 38. Qg7+ Kd8 39. Qh8+ Ke7
40. Rxe5+ Ne6 41. Bg4 1-0

[Event "54th Ilmar Raud Memorial"]
[Site "Viljandi"]
[Date "2020.07.08"]
[Round "4.9"]
[White "Timoshin, Andrei"]
[Black "Chukavin, Kirill"]
[Result "1/2-1/2"]
[WhiteElo "2132"]
[BlackElo "2345"]
[PlyCount "92"]
[EventDate "2020.??.??"]

1. e4 c5 2. c3 d5 3. exd5 Qxd5 4. d4 Nf6 5. Nf3 e6 6. Na3 Nc6 7. Be2 cxd4 8.
Nb5 Qd8 9. Nbxd4 Bc5 10. Nxc6 Qxd1+ 11. Bxd1 bxc6 12. Ba4 Bb7 13. Bf4 Nd5 14.
Bg3 Nb6 15. Bc2 Be7 16. O-O c5 17. Nd2 O-O-O 18. Rfd1 Rd7 19. Nf1 Rhd8 20. Ne3
h5 21. f4 Rd2 22. Rxd2 Rxd2 23. Rd1 Re2 24. Re1 Rd2 25. Rd1 Nc4 26. Rxd2 Nxd2
27. f5 Bg5 28. Bf2 Kd7 29. Nf1 Be4 30. fxe6+ Kxe6 31. Bd1 Kd6 32. Bxh5 g6 33.
Be2 Bb1 34. Nxd2 Bxd2 35. Bc4 f5 36. h4 a5 37. Bf7 f4 38. a4 Bc1 39. b3 Bd2 40.
Bc4 Bxc3 41. Kf1 Be4 42. g3 fxg3 43. Bxg3+ Ke7 44. Ke2 Kf6 45. Bd6 Bb4 46. Ke3
Bc2 1/2-1/2

[Event "54th Ilmar Raud Memorial"]
[Site "Viljandi"]
[Date "2020.07.08"]
[Round "4.10"]
[White "Sakalauskas, Vaidas"]
[Black "Narva, Triin"]
[Result "1-0"]
[WhiteElo "2335"]
[BlackElo "2107"]
[PlyCount "59"]
[EventDate "2020.??.??"]

1. d4 g6 2. c4 Bg7 3. e4 d6 4. Nc3 Nf6 5. Be2 O-O 6. Bg5 h6 7. Be3 Nbd7 8. Qd2
c5 9. d5 Qa5 10. Rc1 Kh7 11. Qc2 e5 12. h4 Ng8 13. h5 Ndf6 14. hxg6+ fxg6 15.
Nh3 Ng4 16. Bd2 Qd8 17. Qd1 N4f6 18. g4 Ne8 19. Be3 Qe7 20. Qd2 Nef6 21. g5 Ng4
22. gxh6 Nxe3 23. hxg7 Ng2+ 24. Kf1 Kxg7 25. Kxg2 Bxh3+ 26. Rxh3 Rf4 27. Qe3
Raf8 28. Rch1 Qg5+ 29. Rg3 Qf6 30. Rf3 $138 1-0

[Event "54th Ilmar Raud Memorial"]
[Site "Viljandi"]
[Date "2020.07.08"]
[Round "4.11"]
[White "Narva, Mai"]
[Black "Uibokant, Mathias Robert"]
[Result "1-0"]
[WhiteElo "2333"]
[BlackElo "2050"]
[PlyCount "63"]
[EventDate "2020.??.??"]

1. e4 e6 2. d4 d5 3. Nd2 dxe4 4. Nxe4 Bd7 5. Nf3 Bc6 6. Bd3 Nd7 7. O-O Ngf6 8.
Nxf6+ Nxf6 9. Re1 Be7 10. c3 O-O 11. Ne5 Qe8 12. Re3 g6 13. Rh3 Be4 14. Bh6
Bxd3 15. Qxd3 Nd7 16. Bxf8 Bxf8 17. Qc4 Bd6 18. Re1 Nb6 19. Qd3 Bxe5 20. dxe5
Rd8 21. Qe4 Qd7 22. b3 Qd2 23. a4 Qb2 24. Qh4 Qd2 25. Qxh7+ Kf8 26. Qh8+ Ke7
27. Qf6+ Kd7 28. Qxf7+ Kc8 29. Qxe6+ Kb8 30. Rhe3 Nd5 31. h3 Nxe3 32. Rxe3 1-0

[Event "54th Ilmar Raud Memorial"]
[Site "Viljandi"]
[Date "2020.07.08"]
[Round "4.12"]
[White "Keso, Elias"]
[Black "Olde, Grete"]
[Result "1-0"]
[WhiteElo "2300"]
[BlackElo "2046"]
[PlyCount "89"]
[EventDate "2020.??.??"]

1. e4 e5 2. Nf3 Nc6 3. d4 exd4 4. Nxd4 Nf6 5. Nxc6 bxc6 6. e5 Qe7 7. Qe2 Nd5 8.
c4 Ba6 9. b3 g6 10. Ba3 d6 11. exd6 cxd6 12. Qxe7+ Nxe7 13. Nd2 O-O-O 14. Bb2
Rg8 15. Ne4 f5 16. Ng5 h6 17. Ne6 Rd7 18. O-O-O c5 19. Nxf8 Rxf8 20. Bg7 Re8
21. Bxh6 Nc6 22. Be3 Ne5 23. Bf4 Ng4 24. Rd2 Re1+ 25. Kc2 d5 26. f3 Ne3+ 27.
Bxe3 Rxe3 28. cxd5 Bb7 29. Bc4 Rd6 30. h4 Re7 31. h5 Rh7 32. h6 Kc7 33. Re2 Bc8
34. f4 Rd8 35. d6+ Rxd6 36. Bg8 Rh8 37. h7 Bb7 38. Re7+ Kb6 39. Rh2 Be4+ 40.
Kc1 Rd3 41. Re6+ Kb5 42. Rxg6 Kb4 43. Bc4 Rd7 44. Rh3 Rhd8 45. a3+ 1-0

[Event "54th Ilmar Raud Memorial"]
[Site "Viljandi"]
[Date "2020.07.08"]
[Round "4.13"]
[White "Krivenko, Dion"]
[Black "Vorobjov, Pavel"]
[Result "1/2-1/2"]
[WhiteElo "2046"]
[BlackElo "2269"]
[PlyCount "47"]
[EventDate "2020.??.??"]

1. e4 c5 2. Nf3 Nc6 3. Nc3 e6 4. Bb5 Nge7 5. O-O a6 6. Bxc6 Nxc6 7. Re1 d6 8.
d4 cxd4 9. Nxd4 Be7 10. Nxc6 bxc6 11. Qg4 Kf8 12. e5 d5 13. Ne2 h5 14. Qf3 g6
15. Nd4 Qb6 16. Qf4 h4 17. Nf3 Qb4 18. Qxb4 Bxb4 19. c3 Be7 20. Bg5 Bxg5 21.
Nxg5 Rb8 22. b3 c5 23. Re3 Rh5 24. f4 1/2-1/2

[Event "54th Ilmar Raud Memorial"]
[Site "Viljandi"]
[Date "2020.07.08"]
[Round "4.14"]
[White "Haavamäe, Henrik"]
[Black "Tsõganova, Monika"]
[Result "1-0"]
[WhiteElo "2210"]
[BlackElo "2029"]
[PlyCount "57"]
[EventDate "2020.??.??"]

1. e4 c5 2. Nf3 d6 3. d4 cxd4 4. Nxd4 Nf6 5. Nc3 a6 6. Bg5 e6 7. f4 Be7 8. Qf3
Qc7 9. O-O-O Nbd7 10. g4 Nc5 (10... b5) (10... h6) 11. Bxf6 (11. e5 dxe5 12.
fxe5 Qxe5 (12... Nfd7 13. Bxe7 Kxe7 14. Nf5+ Kf8 15. Nd6 Nxe5 16. Qg3) (12...
Nd5 13. Bxe7 Qxe7 14. Nf5 Qg5+ 15. Rd2) 13. Bf4) 11... gxf6 (11... Bxf6 12. g5
Be7 13. Rg1 b5 14. a3 Rb8 15. f5 b4 16. axb4 Rxb4 17. f6 gxf6 18. gxf6 Bf8 19.
Rg7) 12. f5 Bd7 13. h4 h6 14. Bh3 Rc8 (14... O-O-O) 15. g5 hxg5 16. hxg5 e5 (
16... fxg5 17. fxe6 fxe6 18. Nd5 (18. Bxe6 Rxh1 19. Bf7+ Kd8 20. Rxh1) 18...
Qa5 (18... exd5 19. Bxd7+ Kxd7 20. Qf5+) 19. Bxe6 Rxh1 20. Qf7+ Kd8 21. Qxe7#)
17. Nde2 (17. Nd5 Qa5 18. Bg4) 17... Bc6 18. Bg4 Rxh1 19. Rxh1 b5 20. g6 Bf8
21. Rh7 b4 22. Rxf7 Qa5 23. Qh3 bxc3 24. Nxc3 Be7 25. Qh8+ Kd7 26. Rxe7+ Kxe7
27. Qxc8 Bd7 28. Qg8 (28. Nd5#) 28... Be8 29. g7 1-0

[Event "54th Ilmar Raud Memorial"]
[Site "Viljandi"]
[Date "2020.07.08"]
[Round "4.15"]
[White "Bondarenko, Dmitri"]
[Black "Olde, Margareth"]
[Result "0-1"]
[WhiteElo "1944"]
[BlackElo "2205"]
[PlyCount "128"]
[EventDate "2020.??.??"]

1. d4 f5 2. Bg5 g6 3. Nf3 Bg7 4. c3 Nf6 5. Bxf6 Bxf6 6. Qb3 d5 7. Nbd2 Nc6 8.
e3 O-O 9. Bb5 Na5 10. Qc2 a6 11. Bd3 Nc6 12. h4 b5 13. h5 e5 14. dxe5 Nxe5 15.
Nxe5 Bxe5 16. Nf3 Qf6 17. hxg6 hxg6 18. O-O-O Kg7 19. Qd2 c5 20. Kb1 Be6 21. e4
fxe4 22. Qh6+ Kf7 23. Ng5+ Ke7 24. Nh7 Bf4 25. Nxf6 Bxh6 26. Nxe4 dxe4 27. Bxe4
Bg7 28. Bxa8 Rxa8 29. Rhe1 a5 30. g4 b4 31. f4 Kf7 32. f5 gxf5 33. Rf1 bxc3 34.
gxf5 Bc4 35. Rf4 Be2 36. Rd7+ Kf6 37. Re4 Bb5 38. Rd5 cxb2 39. Re6+ Kf7 40. a4
Bxa4 41. Rxc5 Ra7 42. Re2 Bd7 43. f6 Bxf6 44. Rf2 a4 45. Rxf6+ Kxf6 46. Kxb2
Ke6 47. Ka3 Rb7 48. Rc3 Kd5 49. Rf3 Kc5 50. Rc3+ Kd4 51. Rf3 Bc6 52. Rh3 Rg7
53. Rh4+ Kc5 54. Rh5+ Kc4 55. Rh4+ Kc5 56. Rh5+ Kb6 57. Rh3 Rg5 58. Rc3 Kb5 59.
Rh3 Bd5 60. Rc3 Rg1 61. Rc8 Rg3+ 62. Kb2 a3+ 63. Kb1 a2+ 64. Kb2 Rg2+ 0-1

[Event "54th Ilmar Raud Memorial"]
[Site "Viljandi"]
[Date "2020.07.08"]
[Round "4.16"]
[White "Miezis, Normunds"]
[Black "Pedmanson, Herman"]
[Result "1-0"]
[WhiteElo "2489"]
[BlackElo "1767"]
[PlyCount "73"]
[EventDate "2020.??.??"]

1. c4 Nf6 2. Nc3 e5 3. g3 Bb4 4. Bg2 O-O 5. e4 Bxc3 6. dxc3 d6 7. Qe2 a5 8. Nh3
Nc6 9. O-O a4 10. f4 Bg4 11. Qd3 exf4 12. gxf4 Na5 13. Rb1 Nd7 14. b4 axb3 15.
axb3 Nc5 16. Qc2 Naxb3 17. Rxb3 Nxb3 18. Qxb3 Ra5 19. Nf2 Qh4 20. h3 Bh5 21. c5
Ra1 22. c4 Rfa8 23. cxd6 cxd6 24. f5 Be2 25. Re1 R8a2 26. Qe3 Bxc4 27. Bd2
Rxe1+ 28. Bxe1 Re2 29. Qc3 b5 30. Bf1 Qg5+ 31. Kh1 Qe3 32. Bxe2 Qxe2 33. f6
gxf6 34. Qg3+ Kf8 35. Qxd6+ Kg7 36. Qg3+ Kf8 37. Bb4+ 1-0

[Event "54th Ilmar Raud Memorial"]
[Site "Viljandi"]
[Date "2020.07.08"]
[Round "4.17"]
[White "Kiik, Kalle"]
[Black "Olde, Karl Erik"]
[Result "1-0"]
[WhiteElo "2386"]
[BlackElo "1751"]
[PlyCount "111"]
[EventDate "2020.??.??"]

1. e4 c5 2. Nf3 d6 3. c3 Nf6 4. Be2 Nbd7 5. Qc2 e6 6. d4 b6 7. d5 Be7 8. c4 e5
9. Nc3 O-O 10. O-O Re8 11. Ne1 Nf8 12. Nd3 Ng6 13. a3 Nd7 14. g3 Ndf8 15. f3
Bg5 16. b4 f5 17. exf5 Bxf5 18. Ne4 Bxc1 19. Rfxc1 Qc7 20. Ndf2 Ne7 21. Bd3 Bg6
22. g4 h6 23. h4 Rab8 24. h5 Bh7 25. Kh1 Kh8 26. Rg1 Ng8 27. g5 hxg5 28. Nxg5
Bxd3 29. Qxd3 Qe7 30. Nfe4 Nf6 31. Ra2 Rb7 32. Rh2 Nxe4 33. Qxe4 Qf6 34. Rg4
Ree7 35. b5 a5 36. bxa6 Ra7 37. Qe3 Rxa6 38. Ne4 Qf5 39. Nxd6 Qd7 40. Ne4 Qa7
41. h6 g6 42. Qg5 b5 43. cxb5 Rb6 44. d6 Re6 45. Rd2 Qf7 46. Qe3 Nd7 47. a4 Re8
48. Rg1 Rf8 49. Rc1 Qe6 50. Kg1 Rf4 51. Nxc5 Nxc5 52. Rxc5 Rxd6 53. Rxd6 Qxd6
54. Qxe5+ Qxe5 55. Rxe5 Rxa4 56. Re7 1-0

[Event "54th Ilmar Raud Memorial"]
[Site "Viljandi"]
[Date "2020.07.08"]
[Round "4.18"]
[White "Pedoson, Georg Aleksander"]
[Black "Valner, Uku"]
[Result "1/2-1/2"]
[WhiteElo "2189"]
[BlackElo "2302"]
[PlyCount "87"]
[EventDate "2020.??.??"]

1. e4 e6 2. e5 d6 3. Nf3 dxe5 4. Nxe5 Nd7 5. Nc4 Be7 6. d4 Bf6 7. c3 Nb6 8. Bf4
Ne7 9. Nbd2 Nbd5 10. Bg3 Ng6 11. Be2 Ndf4 12. O-O Nxe2+ 13. Qxe2 O-O 14. Nf3 b6
15. Nce5 Bb7 16. Rad1 a5 17. Rfe1 a4 18. c4 Re8 19. Nxg6 hxg6 20. Ne5 b5 21. b3
axb3 22. axb3 Qc8 23. Qc2 bxc4 24. bxc4 Rd8 25. Qb3 Ra6 26. Qe3 Qa8 27. f3 Qa7
28. Bf2 Ra2 29. Re2 Qa4 30. Rc1 Rxe2 31. Qxe2 Ba6 32. Qe4 Qa3 33. Re1 Qd6 34.
h3 Rb8 35. c5 Qd5 36. Qxd5 exd5 37. Nd7 Rc8 38. Nxf6+ gxf6 39. c6 Bb5 40. Rc1
Kf8 41. Bg3 Ke7 42. Rc5 Bc4 43. Ra5 Kd8 44. h4 1/2-1/2

[Event "54th Ilmar Raud Memorial"]
[Site "Viljandi"]
[Date "2020.07.08"]
[Round "4.19"]
[White "Andrijashkin, Deniss"]
[Black "Sirp, Karl Aleksander"]
[Result "1-0"]
[WhiteElo "1861"]
[BlackElo "1924"]
[PlyCount "105"]
[EventDate "2020.??.??"]

1. e4 e5 2. Nf3 Nc6 3. Bb5 a6 4. Ba4 Nf6 5. d3 d6 6. c3 Be7 7. O-O Bg4 8. Re1
O-O 9. Nbd2 b5 10. Bc2 d5 11. Qe2 Re8 12. Nf1 d4 13. h3 Bh5 14. Ng3 Bg6 15. Nh4
dxc3 16. bxc3 b4 17. Ba4 Qd6 18. Nhf5 Bxf5 19. Nxf5 Qe6 20. d4 exd4 21. cxd4
Bf8 22. Qc2 Ne7 23. Bxe8 Nxf5 24. Bb2 Rxe8 25. exf5 Qxe1+ 26. Rxe1 Rxe1+ 27.
Kh2 Bd6+ 28. g3 h5 29. Qd2 Re8 30. d5 Ne4 31. Qd4 f6 32. h4 Bc5 33. Qc4 Bd6 34.
Bd4 Re7 35. Qxa6 Nd2 36. Qd3 Ne4 37. Kg2 Nc5 38. Bxc5 Bxc5 39. Qf3 Re5 40. Qxh5
Rxd5 41. Qe8+ Kh7 42. Qg6+ Kh8 43. h5 Rd8 44. h6 Bf8 45. g4 Rb8 46. g5 gxh6 47.
gxh6 c5 48. Qxf6+ Kh7 49. Qf7+ Kh8 50. h7 Bg7 51. f6 Bh6 52. Qg6 Bg7 53. Qxg7#
1-0

[Event "54th Ilmar Raud Memorial"]
[Site "Viljandi"]
[Date "2020.07.08"]
[Round "4.20"]
[White "Tolmacevs, Artjoms"]
[Black "Volodin, Aleksandr"]
[Result "0-1"]
[WhiteElo "1644"]
[BlackElo "2497"]
[PlyCount "44"]
[EventDate "2020.??.??"]

1. e4 c5 2. Nf3 d6 3. d4 cxd4 4. Nxd4 Nf6 5. Nc3 a6 6. Be3 e6 7. g4 h6 8. f3 b5
9. Qd2 Bb7 10. O-O-O Nbd7 11. g5 hxg5 12. Bxg5 Be7 13. Rg1 Rc8 14. Be3 g6 15.
Qg2 Qc7 16. Bd3 Nc5 17. e5 dxe5 18. Bxg6 Rg8 19. Qh3 exd4 20. Bxd4 fxg6 21.
Bxf6 Bxf6 22. Ne4 Nb3+ 0-1

[Event "54th Ilmar Raud Memorial"]
[Site "Viljandi"]
[Date "2020.07.08"]
[Round "4.21"]
[White "Vingris, Mikelis"]
[Black "Rychagov, Nikita"]
[Result "1-0"]
[WhiteElo "1641"]
[BlackElo "1943"]
[PlyCount "111"]
[EventDate "2020.??.??"]

1. d4 d5 2. c4 e6 3. Nc3 Nf6 4. Nf3 Be7 5. Bg5 O-O 6. e3 h6 7. Bh4 Nbd7 8. Bd3
c5 9. cxd5 cxd4 10. Nxd4 Nxd5 11. Bxe7 Nxe7 12. O-O Nf6 13. Rc1 Qb6 14. Qe2 Bd7
15. Rfd1 Rfd8 16. Ne4 Ned5 17. Nc5 Be8 18. Ne4 Nxe4 19. Bxe4 Nf6 20. Bb1 Rac8
21. h3 a6 22. Kh1 Qa5 23. Rxc8 Rxc8 24. Qd3 Rd8 25. Qc2 g6 26. Nf3 Rxd1+ 27.
Qxd1 Qh5 28. Qd4 Kg7 29. Ne5 Kg8 30. Kh2 Nd5 31. Ng4 (31. Be4 Bc6 32. Ng4 Qg5
33. Bxd5 Bxd5 34. Nf6+ Kf8 35. Nh7+) 31... Qg5 32. f4 Qe7 33. Nxh6+ Kh7 34. Ng4
f5 35. Ne5 b6 36. e4 Nxf4 37. exf5 Qg5 38. fxg6+ Kg8 39. Qe4 Nxg2 40. Nf3 Qxg6
41. Qxg6+ Bxg6 42. Bxg6 Nf4 43. Be4 Kg7 44. Kg3 Ne2+ 45. Kg4 a5 46. h4 b5 47.
Kg5 b4 48. h5 a4 49. h6+ Kh8 50. Ne5 a3 51. bxa3 Nc3 52. Bg6 Kg8 53. axb4 Nxa2
54. Kf6 Nxb4 55. h7+ Kh8 56. Nf7# 1-0

[Event "54th Ilmar Raud Memorial"]
[Site "Viljandi"]
[Date "2020.07.08"]
[Round "4.22"]
[White "Uibokant, Karl Oskar"]
[Black "Obolonin, Filipp"]
[Result "1-0"]
[WhiteElo "1622"]
[BlackElo "1922"]
[PlyCount "159"]
[EventDate "2020.??.??"]

1. e4 c5 2. Nf3 e6 3. d4 cxd4 4. Nxd4 a6 5. Be2 Nf6 6. Nc3 Bb4 7. Bf3 O-O 8.
O-O Qc7 9. Nde2 d6 10. Be3 Nbd7 11. a3 Bc5 12. Bxc5 dxc5 13. Nc1 Rd8 14. Qe2
Ne5 15. Nd3 Nxd3 16. cxd3 Bd7 17. Rac1 Bc6 18. Rfd1 Rac8 19. Qe3 Qe5 20. b3 b6
21. Nb1 a5 22. Nd2 Bb5 23. Be2 Qb2 24. a4 Ba6 25. Rb1 Qe5 26. f4 Qb8 27. Nc4
Rd4 28. Ne5 Nd7 29. Nf3 Rb4 30. Ng5 h6 31. Nf3 e5 32. f5 Qd6 33. Ne1 Qd4 34.
Nc2 Qxe3+ 35. Nxe3 Rd4 36. Nd5 Kf8 37. h4 Bb7 38. Nc3 Bc6 39. g4 f6 40. Kf2 Nb8
41. Rh1 Rcd8 42. g5 fxg5 43. hxg5 hxg5 44. Rbg1 Nd7 45. Rh8+ Ke7 46. Rxd8 Kxd8
47. Rxg5 Rd6 48. Rxg7 Rh6 49. Rg6 Rxg6 50. fxg6 Ke7 51. Bg4 Nb8 52. Bf5 Kf8 53.
Nd5 b5 54. axb5 Bxb5 55. Nf6 Nc6 56. Nd7+ Kg7 57. Nxc5 Ne7 58. Ke3 Be8 59. d4
exd4+ 60. Kxd4 Kf6 61. Nb7 a4 62. Nd6 Bc6 63. e5+ Kg7 64. b4 a3 65. Kc3 Nd5+
66. Kb3 a2 67. Kxa2 Nxb4+ 68. Kb3 Nd5 69. Be4 Ne7 70. Nf5+ Nxf5 71. Bxf5 Kf8
72. Kc4 Ke7 73. Kc5 Ba4 74. e6 Be8 75. Kd5 Kf6 76. Kd6 Ba4 77. Bd3 Be8 78. Bf5
Ba4 79. e7 Be8 80. Be4 1-0

[Event "54th Ilmar Raud Memorial"]
[Site "Viljandi"]
[Date "2020.07.08"]
[Round "4.23"]
[White "Sepandi, Jaak"]
[Black "Protassov, Vlad"]
[Result "0-1"]
[WhiteElo "1583"]
[BlackElo "1916"]
[PlyCount "126"]
[EventDate "2020.??.??"]

1. c4 Nf6 2. Nc3 e6 3. e4 d5 4. exd5 exd5 5. d4 c6 6. Bd3 dxc4 7. Bxc4 Bd6 8.
Nge2 O-O 9. Bf4 Bxf4 10. Nxf4 Re8+ 11. Nfe2 Nbd7 12. O-O Nb6 13. Qb3 Nxc4 14.
Qxc4 Be6 15. Qd3 Qd6 16. Rad1 Rad8 17. a3 b5 18. Rfe1 Bc4 19. Qc2 Ng4 20. Ng3
Rxe1+ 21. Rxe1 Qxd4 22. Re4 Qd7 23. Re1 Bd3 24. Qd2 Nf6 25. Rd1 Bc4 26. Qe1 Qc7
27. Nge4 Nxe4 28. Rxd8+ Qxd8 29. Qxe4 Qd7 30. h4 h6 31. Qe3 a5 32. Qf4 Qd3 33.
Qc1 c5 34. Qd1 Qxd1+ 35. Nxd1 Kf8 36. f4 Ke7 37. Kf2 Kd6 38. Ke3 b4 39. g4 Kc6
40. Kd2 Kb5 41. Ne3 a4 42. Nf5 Be6 43. Ne3 f6 44. Kd3 c4+ 45. Kd2 Kc5 46. f5
Bd7 47. Nc2 b3 48. Ne3 Kd4 49. Nd1 Ke4 50. g5 hxg5 51. hxg5 fxg5 52. Nc3+ Kxf5
53. Ke3 Kg4 54. Ne2 Kh3 55. Kf2 g4 56. Kg1 g3 57. Nc3 Kg4 58. Kg2 Bc6+ 59. Kf1
Kf3 60. Ne2 g2+ 61. Ke1 g1=Q+ 62. Nxg1+ Ke3 63. Kf1 Kd2 0-1

[Event "54th Ilmar Raud Memorial"]
[Site "Viljandi"]
[Date "2020.07.08"]
[Round "4.24"]
[White "Ivanova, Lidia"]
[Black "Tõnso, Liina"]
[Result "0-1"]
[WhiteElo "1430"]
[BlackElo "1862"]
[PlyCount "98"]
[EventDate "2020.??.??"]

1. e4 c5 2. d3 a6 3. g3 b5 4. Bg2 Bb7 5. f4 e6 6. Nf3 d5 7. e5 Ne7 8. O-O Nf5
9. g4 Nd4 10. Nxd4 cxd4 11. Nd2 Nc6 12. Nf3 Qc7 13. Bd2 Be7 14. a3 O-O 15. Be1
f6 16. exf6 Rxf6 17. g5 Rff8 18. Bh3 e5 19. Be6+ Kh8 20. Bxd5 exf4 21. Be4 Rae8
22. Qd2 Bc5 23. Qg2 Ne7 24. Bxb7 Qxb7 25. Nd2 Qxg2+ 26. Kxg2 Nd5 27. Kg1 Ne3
28. Ne4 Nxf1 29. Nxc5 Ne3 30. Rc1 Nxc2 31. Bf2 Ne3 32. Nxa6 Rc8 33. Rb1 Rf5 34.
h4 Re5 35. Nb4 Rec5 36. Re1 Kg8 37. Re2 Kf7 38. Bxe3 dxe3 39. Kg2 Ke6 40. Kf3
Kf5 41. Na2 h6 42. gxh6 gxh6 43. Nc3 Rg8 44. Ne4 Rc1 45. Nd6+ Ke5 46. Nf7+ Kd4
47. Ng5 hxg5 48. hxg5 Rf1+ 49. Kg2 f3+ 0-1

[Event "54th Ilmar Raud Memorial"]
[Site "Viljandi"]
[Date "2020.07.08"]
[Round "4.25"]
[White "Blohhin, Sofia"]
[Black "Tobre, Andres"]
[Result "1-0"]
[WhiteElo "1786"]
[BlackElo "1546"]
[PlyCount "107"]
[EventDate "2020.??.??"]

1. e4 e5 2. Bc4 Nf6 3. d3 Bc5 4. Nf3 d6 5. O-O h6 6. h3 O-O 7. c3 Nc6 8. Nbd2
a6 9. a4 Be6 10. Bxe6 fxe6 11. Qb3 Qd7 12. Nc4 Nh5 13. Be3 Ba7 14. d4 exd4 15.
Nxd4 Nxd4 16. cxd4 b5 17. Nd2 Nf4 18. Kh2 c5 19. axb5 axb5 20. Ra5 cxd4 21.
Bxf4 Rxf4 22. Rxb5 Bc5 23. Rb7 Qe8 24. g3 Rf7 25. Rb5 d3 26. f4 Be3 27. Nc4 Bc5
28. Rd1 Rfa7 29. f5 Kh7 30. fxe6 Ra1 31. Rxa1 Rxa1 32. Rb8 Qxe6 33. Qxd3 g6 34.
Rb7+ Kg8 35. Ne3 Rh1+ 36. Kxh1 Qxh3+ 37. Kg1 Qxg3+ 38. Kf1 Qf3+ 39. Ke1 Qxe3+
40. Qxe3 Bxe3 41. Ke2 Bf4 42. b4 h5 43. b5 h4 44. b6 h3 45. Kf2 g5 46. Ra7 g4
47. Ra3 h2 48. Kg2 g3 49. b7 d5 50. exd5 Kg7 51. Ra8 Kf7 52. b8=Q Bxb8 53. Rxb8
Kg7 54. Re8 1-0

[Event "54th Ilmar Raud Memorial"]
[Site "Viljandi"]
[Date "2020.07.08"]
[Round "4.26"]
[White "Raide, Sivert"]
[Black "Pedmanson, Albert"]
[Result "0-1"]
[WhiteElo "1262"]
[BlackElo "1786"]
[PlyCount "68"]
[EventDate "2020.??.??"]

1. d4 c5 2. d5 Nf6 3. Nc3 d6 4. e4 g6 5. f4 Bg7 6. Bb5+ Bd7 7. Bd3 O-O 8. Nf3
b5 9. a3 c4 10. Be2 Qb6 11. Qd4 Qxd4 12. Nxd4 Nxe4 13. Ndxb5 a6 14. Nc7 Bxc3+
15. bxc3 Ra7 16. Nxa6 Nxa6 17. Be3 Nac5 18. Bxc4 Nxc3 19. Kd2 N3e4+ 20. Ke2
Rfa8 21. Bc1 Kg7 22. Bb2+ f6 23. Rhb1 Na4 24. Bd4 Rc7 25. Rb4 Rxc4 26. Rxc4 Bb5
27. Kd3 Nec5+ 28. Bxc5 Nxc5+ 29. Kc3 Bxc4 30. Kxc4 Kf7 31. Kb5 Ke8 32. a4 Kd7
33. a5 Rb8+ 34. Kc4 Na6 0-1

[Event "54th Ilmar Raud Memorial"]
[Site "Viljandi"]
[Date "2020.07.09"]
[Round "5.7"]
[White "Wartiovaara, Oliver"]
[Black "Narva, Mai"]
[Result "1/2-1/2"]
[WhiteElo "2190"]
[BlackElo "2333"]
[PlyCount "87"]
[EventDate "2020.??.??"]

1. e4 c5 2. Nf3 e6 3. d4 cxd4 4. Nxd4 Nc6 5. Nc3 Qc7 6. g3 a6 7. Bg2 Nf6 8. O-O
Nxd4 9. Qxd4 Bc5 10. Bf4 d6 11. Qd2 h6 12. Rad1 e5 13. Be3 Be6 14. Bxc5 dxc5
15. Nd5 Bxd5 16. exd5 Qd6 17. f4 O-O 18. fxe5 Qxe5 19. d6 Qxb2 20. Rb1 Qxa2 21.
Qc3 Rad8 22. Rfe1 Qa4 23. Qxc5 Rc8 24. Qb6 Rxc2 25. Rbd1 Qa2 26. Qxb7 Rd2 27.
Qf3 Rd8 28. Rxd2 Qxd2 29. Rd1 Qc2 30. Kh1 Ne4 31. Rf1 Nxd6 32. Qd5 Qc7 33. Qa2
Qc4 (33... a5 34. Ra1 Nf5) 34. Ra1 Qxa2 35. Rxa2 Nf5 36. Bf3 Rd6 37. Be2 Ne3
38. Ra3 Nc2 39. Rxa6 Rd2 40. Bf3 Nd4 41. Bd5 h5 42. Ra8+ Kh7 43. Bxf7 Nf3 44.
Ra2 1/2-1/2

[Event "54th Ilmar Raud Memorial"]
[Site "Viljandi"]
[Date "2020.07.09"]
[Round "5.8"]
[White "Kukk, Sander"]
[Black "Miezis, Normunds"]
[Result "0-1"]
[WhiteElo "2194"]
[BlackElo "2489"]
[PlyCount "55"]
[EventDate "2020.??.??"]

1. b3 c5 2. Bb2 b6 3. e3 Bb7 4. Nf3 Nf6 5. d4 e6 6. c4 cxd4 7. exd4 Bb4+ 8.
Nbd2 d5 9. Bd3 Ne4 10. O-O Nd7 11. a3 Bd6 12. Qe2 Ndf6 13. Ne5 Nxd2 14. Qxd2
dxc4 15. bxc4 Bxe5 16. dxe5 Ne4 17. Qe2 Nc5 18. Bc2 Qg5 19. f4 Qe7 20. f5 O-O-O
21. a4 Rd7 22. fxe6 fxe6 23. a5 Rhd8 24. Rad1 Rxd1 25. Rxd1 Rxd1+ 26. Bxd1 Qh4
27. axb6 axb6 28. Qc2 0-1